书目信息 |
| 题名: |
双凤奇缘
|
|
| 作者: | 雪樵主人 著 | |
| 分册: | ||
| 出版信息: | 呼和浩特 远方出版社 2006 |
|
| 页数: | 280页 | |
| 开本: | 21cm | |
| 丛书名: | 中国古典文学名著 | |
| 单 册: | ||
| 中图分类: | I242.3 | |
| 科图分类: | ||
| 主题词: | 话本小说--hua ben xiao shuo--中国--清代--选集 | |
| 电子资源: | ||
| ISBN: | 7-80595-682-0 | |
| 000 | 00811nam 2200241 450 | |
| 001 | 012008949000 | |
| 005 | 20081230152633.35 | |
| 010 | @a7-80595-682-0@b精装@dCNY111.00 | |
| 100 | @a20080419d2006 km y0chiy0120 ea | |
| 101 | 0 | @achi |
| 102 | @aCN@b150000 | |
| 105 | @af z 000ay | |
| 200 | 1 | @a双凤奇缘@Ashuang feng qi yuan@f(明) 雪樵主人著 |
| 210 | @a呼和浩特@c远方出版社@d2006 | |
| 215 | @a280页@d21cm | |
| 225 | 2 | @a中国古典文学名著@Azhong guo gu dian wen xue ming zhu |
| 330 | @a本书内容包括:汉帝得梦选妃 奸相贪财逼美,太守被责献女 昭君用计辱奸,美人图奸臣点痣等内容。 | |
| 410 | 0 | @12001 @a中国古典文学名著 |
| 606 | 0 | @a话本小说@Ahua ben xiao shuo@y中国@z清代@j选集 |
| 690 | @aI242.3@v4 | |
| 701 | 0 | @a雪樵主人@Axue qiao zhu ren@4著 |
| 801 | 0 | @aCN@bRULIN@c20081230 |
| 905 | @aZUCC@dI242.3@eX984 | |
| 双凤奇缘/(明) 雪樵主人著.-呼和浩特:远方出版社,2006 |
| 280页;21cm.-(中国古典文学名著) |
| ISBN 7-80595-682-0(精装):CNY111.00 |
| 本书内容包括:汉帝得梦选妃 奸相贪财逼美,太守被责献女 昭君用计辱奸,美人图奸臣点痣等内容。 |
| ● |
| 相关链接 |
|
|
|
正题名:双凤奇缘
索取号:I242.3/X984
 
预约/预借
| 序号 | 登录号 | 条形码 | 馆藏地/架位号 | 状态 | 备注 |